| 000 | 00663nam a2200229 u 4500 | ||
|---|---|---|---|
| 005 | 20240912063856.0 | ||
| 008 | 160601s2005 ag r 000 0 spa d | ||
| 020 | _a9872084750 | ||
| 035 | _aUPN01000211005 | ||
| 049 | _aI | ||
| 050 | 4 |
_aPQ7798.33 A6.6 _bC3.6 2005 |
|
| 100 | 1 |
_aWapner, David, _d1958- _934127 |
|
| 245 | 1 | 0 |
_aCanción decidida / _cDavid Wapner ; il. Cristian Turdera. |
| 250 | _a2a ed. | ||
| 260 |
_aBuenos Aires : _bPequeño editor, _c2005. |
||
| 300 |
_a[22] p. : _bil. col. |
||
| 440 | 4 | _aincluso los grandes | |
| 650 | 4 |
_aCuentos infantiles argentinos _97466 |
|
| 650 | 2 |
_aFelicidad _919377 |
|
| 905 | _aInfantil | ||
| 999 |
_c183106 _d183106 |
||